Countries with S in Their Name - Statistics

General Stats
  • This quiz has been taken 2,929 times
    2,695 since last reset
  • The average score is 60 of 70
Answer Stats
Continent Country % Correct
Europe Sweden
96%
Africa South Africa
95%
Asia South Korea
95%
Africa South Sudan
95%
Europe Slovakia
94%
Europe Slovenia
94%
Europe Spain
94%
Africa Sudan
94%
Europe Switzerland
94%
Oceania Australia
93%
North America Saint Kitts and Nevis
93%
North America Saint Lucia
93%
North America Saint Vincent and the Grenadines
93%
Oceania Samoa
92%
Europe Serbia
92%
North America United States
92%
Asia Saudi Arabia
91%
Oceania Solomon Islands
91%
Africa Somalia
91%
South America Suriname
91%
Europe San Marino
90%
Africa Senegal
90%
Europe Austria
89%
Europe/Asia Russia
89%
Asia Singapore
89%
Asia Syria
89%
Africa Seychelles
88%
Asia Sri Lanka
88%
Asia Afghanistan
86%
Europe Estonia
86%
Asia Pakistan
86%
Africa São Tomé and Príncipe
86%
Asia Turkmenistan
86%
Europe Belarus
85%
Europe Bosnia and Herzegovina
85%
Asia Indonesia
85%
Asia Uzbekistan
85%
North America Bahamas
84%
North America El Salvador
84%
Asia Israel
84%
Asia Malaysia
84%
Oceania Marshall Islands
84%
Africa Sierra Leone
84%
Asia Tajikistan
84%
North America Costa Rica
83%
Africa Eswatini (Swaziland)
82%
North America Honduras
82%
Asia Laos
82%
North America Barbados
81%
Asia United Arab Emirates
81%
Asia Kazakhstan
80%
Asia Kyrgyzstan
80%
Africa Lesotho
80%
Europe Netherlands
80%
Africa Tunisia
80%
Africa Botswana
79%
Africa Comoros
79%
Oceania Federated States of Micronesia
79%
Africa Mauritius
79%
Europe Kosovo
78%
Asia Maldives
77%
Asia Bangladesh
76%
Africa Madagascar
76%
Asia Philippines
76%
Asia Cyprus
75%
Europe Liechtenstein
74%
Africa Burkina Faso
73%
Asia East Timor
73%
Africa Guinea-Bissau
70%
Africa Ivory Coast
64%
No matching quizzes found
Score Distribution
Percent of People with Each Score
Percentile by Number Answered
Your Score History
You have not taken this quiz since the last reset